Estatísticas para Melhores jogadores de futebol de 2014

Clique aqui para jogar o quiz

Estatísticas Gerais

  • Esse quiz foi jogado 255 vezes
  • A pontuação média é 7 de 10

Estatísticas das Respostas

PosiçõesJogador% Correto
Lionel Messi
100%
Cristiano Ronaldo
99%
Neymar
98%
Manuel Neuer
81%
Thomas Muller
73%
Robben
62%
Toni Kroos
59%
10ºDi Maria
42%
James Rodriguez
37%
Philipp Lahm
34%

Distribuição das Pontuações

Percentil de Números Respondidos

Porcentagem de Pessoas com Cada Pontuação

Sua Pontuação Histórica

Você não jogou esse quiz